| 000 | 00817cam a2200205 4500 | ||
|---|---|---|---|
| 001 | WB3630-04 | ||
| 008 | 000000n2000 000 0 eng u | ||
| 035 | _a(Sirsi) u107523 | ||
| 245 | _aMoves over subsidence | ||
| 260 | _c2000 | ||
| 490 |
_aEvening Standard _v31 July 2000, 10(1) |
||
| 520 | _aA new study by the Institute of Structural Engineers claims that past panic over subsidence and cracks in house walls may have been over-exaggerated by the insurance and structural industries. The working party is due to publish new guidelines for subsidence which aim to 'bring a sense of reality' to the subject. | ||
| 590 | _aWB | ||
| 650 | _aSUBSIDENCE | ||
| 650 | _aCRACKS | ||
| 650 | _aSTRUCTURAL ENGINEERS | ||
| 650 | _aSTRUCTURAL DAMAGE | ||
| 690 | _aBUILT ENVIRONMENT-BUILDING PATHOLOGY | ||
| 942 | _n0 | ||
| 999 |
_c64264 _d64264 |
||